000 00566cam a22002291 4500
001 sa 63003223
003 DLC
005 20260227111940.0
008 890616s1962 ii 000 0 hino
010 _asa 63003223
035 _a(OCoLC)19883793
040 _aDLC
_cWaU
_dDLC
042 _apremarc
043 _aa-ii---
050 0 0 _aDS427
_b.S3
100 1 _aSahai, Vishwambhar,
_d1900-
245 1 0 _aBhārata aura Muslima bhāvanāoṃ kā eka rūpa.
260 _c[1962]
300 _a160 p.
_c19 cm.
500 _aIn Hindi.
650 0 _aMuslims
_zIndia.
999 _c54962
_d54962